| 000 | 00704nam a2200217 i 4500 | ||
|---|---|---|---|
| 001 | 130286 | ||
| 003 | ES-MaACL | ||
| 005 | 20250728110714.0 | ||
| 007 | t| | ||
| 008 | 070725s1966 sp a |||| | spa d | ||
| 100 | 1 |
_aZahonero Vivó, José. _9117851 |
|
| 245 | 1 | 3 |
_aEl dogma / _cJosé Zahonero Vivó..., Miguel A. Martín Penalba. |
| 250 | _a2ª ed. | ||
| 260 |
_aAlcoy : _bMarfil, _c1966. |
||
| 300 |
_a83 p. : _bil. ; _c21 cm. |
||
| 500 | _aPrecede al tít.: Formación Profesional Industrial. Curso tercero de aprendizaje industrial. | ||
| 650 | 0 | 7 |
_aReligión _2embne _916797 |
| 700 | 1 |
_aMartín Penalba, Miguel A. _977600 |
|
| 852 |
_aES-MaACL _jC-31311 |
||
| 999 |
_c130286 _d130286 |
||